000 00960cam a2200301 i 4500
999 _c3455
_d3455
001 18298897
003 OSt
005 20181113153321.0
008 140911s2015 oru b 000 0 eng
010 _a 2014021861
020 _a9780736960960
040 _aDLC
_beng
_erda
_cDLC
_dDLC
042 _apcc
050 0 0 _aBS1235.54
_b.R46 2015
082 0 0 _a222.11
_223
_bR476D
100 1 _aRhodes, Ron.
245 1 0 _a40 days through Genesis /
_cRon Rhodes.
264 1 _aEugene, Oregon :
_bHARVEST HOUSE PUBLISHERS,
_c[2015]
300 _a300 pages ;
_c22 cm
336 _atext
_btxt
_2rdacontent
337 _aunmediated
_bn
_2rdamedia
338 _avolume
_bnc
_2rdacarrier
504 _aIncludes bibliographical references.
630 0 0 _aBible.
_pGenesis
_xDevotional use.
906 _a7
_bcbc
_corignew
_d1
_eecip
_f20
_gy-gencatlg
942 _2ddc
_cBK